00276nam a2200121Ia 4500008004100000041000900041082001700050100001700067245002000084260003400104300000800138650000800146230718s9999 xx 000 0 und d aEng. a340.1bDIA-J aDias, R. W.M 0aJurisPrudence  aPakistanbAdillya Booksc1994 a520 aLaw